The Influence of French Language on the English Vocabulary in the Field of Gastronomy bakalárska práca

Enregistré dans:
Détails bibliographiques
Auteur principal: Somsedíková, Mária
Collectivité auteur: Fakulta aplikovaných jazykov EU v Bratislave. Katedra románskych a slovanských jazykov
Autres auteurs: Keresty, Ján, 1980-
Format: Livre
Langue:anglais
Publié: Bratislava 2018
Tags: Ajouter un tag
Pas de tags, Soyez le premier à ajouter un tag!

MARC

LEADER 00000nbm a2200000 4500
001 0243990
005 20181011092923.5
041 0 |a eng 
044 |a SK 
245 1 0 |a The Influence of French Language on the English Vocabulary in the Field of Gastronomy  |b bakalárska práca  |c Mária Somsedíková ; školiteľ: Ján Keresty 
264 1 |a Bratislava  |c 2018 
300 |a 62 s. 
100 1 |a Somsedíková, Mária 
700 1 |a Keresty, Ján, 1980- 
710 2 |a Fakulta aplikovaných jazykov EU v Bratislave. Katedra románskych a slovanských jazykov